Regionálne disparity v ekonomickom a sociálnom prostredí Slovenskej republiky
Vývoj slovenskej ekonomiky po vstupe Slovenskej republiky do Európskej únie. Regionálne disparity v ekonomickom a sociálnom prostredí. Monitorovanie a prognóza makroekonomického rozvoja SR do roku 2015. Trendy a predpoklady.
Uložené v:
| Hlavný autor: | |
|---|---|
| Médium: | Kapitola |
| Jazyk: | Slovak |
| Predmet: | |
| Tagy: |
Žiadne tagy, Buďte prvý, kto otaguje tento záznam!
|
MARC
| LEADER | 00000naa a2200000 4500 | ||
|---|---|---|---|
| 001 | 0159608 | ||
| 005 | 20220718123949.2 | ||
| 041 | 0 | |a slo | |
| 044 | |a SK | ||
| 245 | 1 | 0 | |a Regionálne disparity v ekonomickom a sociálnom prostredí Slovenskej republiky |c Vladimír Gozora |
| 520 | |a Vývoj slovenskej ekonomiky po vstupe Slovenskej republiky do Európskej únie. Regionálne disparity v ekonomickom a sociálnom prostredí. Monitorovanie a prognóza makroekonomického rozvoja SR do roku 2015. Trendy a predpoklady. | ||
| 610 | 2 | 0 | |a rozvoj hospodársky |
| 610 | 2 | 0 | |a ukazovatele makroekonomické |
| 610 | 2 | 0 | |a kríza finančná |
| 610 | 2 | 0 | |a kríza hospodárska |
| 610 | 2 | 0 | |a disparita |
| 610 | 2 | 0 | |a regióny |
| 610 | 2 | 0 | |a Slovensko |
| 100 | 1 | |a Gozora, Vladimír | |